Návrh pre riadenie podniku HUBERT J. E., s.r.o. vo väzbe na zistené odchýlky nákladov

Enregistré dans:
Détails bibliographiques
Auteur principal: Chynoradská, Andrea (Auteur)
Autres auteurs: Bestvinová, Viera (Directeur de thèse)
Format: Manuscrit Livre
Langue:slovaque
Publié: 2017
Sujets:
Accès en ligne:http://is.stuba.sk/zp/portal_zp.pl?podrobnosti=126186
Tags: Ajouter un tag
Pas de tags, Soyez le premier à ajouter un tag!

MARC

LEADER 00000ntm a22000003a 4500
001 stuzp62419
003 SK-STU
005 20170603210354.3
007 ta
008 150427s2015----xo-----f-mn---000-0-slo-d
040 |a STU  |b slo 
041 0 |a slo 
100 1 |a Chynoradská, Andrea  |u 064000  |k Z4  |4 aut  |U MTF Materiálovotechnologická fakulta  |T MTF Ústav priemyselného inžinierstva a manažmentu  |X 46773  |U M4000  |Y 84  |7 46773 
242 0 1 |a Suggestion for business management in relation to observed cost variances in Hubert J.E., s.r.o  |y eng 
245 1 0 |a Návrh pre riadenie podniku HUBERT J. E., s.r.o. vo väzbe na zistené odchýlky nákladov 
260 |c 2017 
650 4 |a rozpočet  |2 slo 
650 4 |a controlling  |2 slo 
650 4 |a nákladový controlling  |2 slo 
650 4 |a cost controlling  |2 eng 
650 4 |a budget  |2 eng 
650 4 |a controlling  |2 eng 
700 1 |a Bestvinová, Viera  |u 064000  |k Z1  |4 ths  |U MTF Materiálovotechnologická fakulta  |T MTF Ústav priemyselného inžinierstva a manažmentu  |X 1541  |U M4000  |Y 84  |7 A000001541 
856 4 |u http://is.stuba.sk/zp/portal_zp.pl?podrobnosti=126186 
996 |c M* DP-13229  |l MMSKP  |s P  |a 0  |w stuzp62419_0001